000 01189nam a2200253 i 4500
001 47616
003 ES-MaACL
005 20250902105031.0
007 t|
008 030508s1981 ag ||||1| spa d
080 _a681.3(063)
111 2 _aConferencia Latinoamericana del CLEI (
_n8ª.
_d1981.
_cBuenos Aires)
_9213
245 1 0 _aVIII Conferencia Latinoamericana del CLEI, Centro Latinoamericano de Estudios en Informática
_b: 12º Jornadas Argentinas de Informática e Investigaciones Operativas, Buenos Aires marzo 1981.
260 _aBuenos Aires :
_bSociedad Argentina de Informática e Investigación Operativa,
_c1981.
300 _a2 v. ;
_c28 cm.
500 _aPrecede al tit.: Panel'81 Expodata.
650 1 4 _aInformática-
_xCongresos y asambleas.
_913761
710 2 _aCentro Latinoamericano de Estudios en Informática.
_92753
710 2 _aSociedad Argentina de Informática e Investigación Operativa
_96635
711 2 _aJornadas Argentinas de Informática e Investigación Operativa
_n(12ª.
_d1981.
_cBuenos Aires)
_9774
740 0 _aPanel'81 Expodata.
852 _aES-MaACL
_jG-533-34
_z. - Donat. Ernesto García Camarero
999 _c47616
_d47616